Normal view
MARC view
- فقه احوال شخصية- التركات- اهلية- الوصية- الاحوال الشخصية- قوانين وتشريعات- سوريا
Entry Topical Term
001 - CONTROL NUMBER
- control field: 40931
003 - CONTROL NUMBER IDENTIFIER
- control field: JO-AjAnu
005 - DATE AND TIME OF LATEST TRANSACTION
- control field: 20230606080811.0
008 - FIXED-LENGTH DATA ELEMENTS
- fixed length control field: 230606|| aca||aabn | a|a d
040 ## - CATALOGING SOURCE
- Original cataloging agency: JO-AjAnu
- Transcribing agency: JO-AjAnu
150 ## - HEADING--TOPICAL TERM
- Topical term or geographic name entry element: فقه احوال شخصية- التركات- اهلية- الوصية- الاحوال الشخصية- قوانين وتشريعات- سوريا
670 ## - SOURCE DATA FOUND
- Source citation: Work cat.: (JO-AjAnu)20977: السباعي، مصطفى ، عبد الرحمن الصابوني, author 40930, الأحوال الشخصية في الأهلية والوصية والتركات